Irises : (Record no. 18292)
[ view plain ]
| 000 -LEADER | |
|---|---|
| fixed length control field | 01446cam a2200313 a 4500 |
| 008 - FIXED-LENGTH DATA ELEMENTS--GENERAL INFORMATION | |
| fixed length control field | 090210s2009 caua b 001 0 eng |
| 020 ## - INTERNATIONAL STANDARD BOOK NUMBER | |
| International Standard Book Number | 9780892362264 (hbk.) |
| 020 ## - INTERNATIONAL STANDARD BOOK NUMBER | |
| International Standard Book Number | 089236226X (hbk.) |
| 050 00 - LIBRARY OF CONGRESS CALL NUMBER | |
| Classification number | ND653.G7A654 2009 |
| 100 1# - MAIN ENTRY--PERSONAL NAME | |
| Personal name | Helvey, Jennifer. |
| 245 10 - TITLE STATEMENT | |
| Title | Irises : |
| Remainder of title | Vincent van Gogh in the garden / |
| Statement of responsibility, etc. | Jennifer Helvey. |
| 260 ## - PUBLICATION, DISTRIBUTION, ETC. (IMPRINT) | |
| Place of publication, distribution, etc. | Los Angeles : |
| Name of publisher, distributor, etc. | J. Paul Getty Museum, |
| Date of publication, distribution, etc. | c2009. |
| 300 ## - PHYSICAL DESCRIPTION | |
| Extent | 194 p. : |
| Other physical details | ill. (some col.) ; |
| Dimensions | 20 cm. |
| 504 ## - BIBLIOGRAPHY, ETC. NOTE | |
| Bibliography, etc | Includes bibliographical references and index. |
| 505 0# - FORMATTED CONTENTS NOTE | |
| Formatted contents note | Avoidance, solace, and the contemplation of nature -- The iris as subject -- Within and beyond the walls of Saint-Paul-de-Mausole, Saint-Rémy-de-Provence -- A certain point of view. |
| 600 10 - SUBJECT ADDED ENTRY--PERSONAL NAME | |
| Personal name | Gogh, Vincent van, |
| Dates associated with a name | 1853-1890. |
| Title of a work | Irises. |
| 600 10 - SUBJECT ADDED ENTRY--PERSONAL NAME | |
| Personal name | Gogh, Vincent van, |
| Dates associated with a name | 1853-1890 |
| General subdivision | Criticism and interpretation. |
| 942 ## - ADDED ENTRY ELEMENTS (KOHA) | |
| Source of classification or shelving scheme | |
| Koha item type | Hard Covered Materials |
| Classification part | ND653.G7A654 2009 |
| Withdrawn status | Lost status | Source of classification or shelving scheme | Damaged status | Not for loan | Home library | Current library | Shelving location | Date acquired | Source of acquisition | Total Checkouts | Full call number | Barcode | Date last seen | Price effective from | Koha item type |
|---|---|---|---|---|---|---|---|---|---|---|---|---|---|---|---|
| MACHAKOS UNIVERSITY LIBRARY | MACHAKOS UNIVERSITY LIBRARY | Technical section | 05/12/2016 | Donation (BFA) | ND653.G7A654 2009 | 28981 | 19/07/2018 | 05/12/2016 | Hard Covered Materials |